Statistics for Minnesota Timberwolves Top 10 Leaders Playoffs

Click here to take the quiz!

General Stats

  • This quiz has been taken 29 times
  • The average score is 6 of 19

Answer Stats

Answer % Correct
Kevin Garnett
96%
Karl-Anthony Towns
91%
Sam Cassell
65%
Wally Szczerbiak
57%
Stephon Marbury
48%
Sam Mitchell
43%
Ervin Johnson
30%
Latrell Sprewell
30%
Joe Smith
26%
Terrell Brandon
17%
Trenton Hassell
17%
Jeff Teague
13%
Troy Hudson
13%
Dean Garrett
13%
Anthony Peeler
13%
Rasho Nesterovic
13%
Gary Trent
9%
Fred Hoiberg
4%
Michael Olowokandi
4%

Score Distribution

Percentile by Number Answered

Percent of People with Each Score

Your Score History

You have not taken this quiz